000
00296nam a22001097a 4500
999
_c
13625
_d
13625
082
_a
954.503
100
_a
پروفیسر سیتارام کوہلی
245
_a
مہاراجہ رنجیت سنگھ
260
_a
لاہور
_b
فکشن ہاؤس
_c
٢٠٠٢
300
_a
٢٣٢ صفحات
942
_c
BK